000 00397nam a2200157Ia 4500
005 20250405180748.0
008 240331s9999 xx 000 0 und d
020 _a82380284
082 _bSAT
_a894
100 _aSathasivam, K
245 0 _aOrr adimaiyin vilangu arukirathu
260 _aSri Lanka
_bAkila Ilankai Ilakiya potti
_c1982
300 _a68 p .,
650 _aShort Stories
942 _cL
999 _c4139
_d4139